Teoría social y procesos políticos en América Latina
Saved in:
| Main Author: | |
|---|---|
| Format: | Book |
| Language: | Spanish |
| Published: |
México, DF :
Edicol,
1979
|
| Subjects: |
| LEADER | 00557nam#a2200205#a#4500 | ||
|---|---|---|---|
| 001 | 006163 | ||
| 005 | 20160721143853.0 | ||
| 008 | 000112s1979####mx##################spa#d | ||
| 020 | |a 9684080344 | ||
| 040 | |a AR-beUNQ | ||
| 099 | |a 01-C65 | ||
| 100 | 1 | |a Cueva, Agustín | |
| 245 | 0 | 2 | |a Teoría social y procesos políticos en América Latina |c Agustín Cueva. |
| 260 | |a México, DF : |b Edicol, |c 1979 | ||
| 300 | |a 195 p | ||
| 650 | 7 | |a POLITICA |2 Spines | |
| 651 | 7 | |a AMERICA LATINA |2 toit | |
| 929 | |a COMPRA |b Peon |e 19990819 |j 26512 | ||
| 942 | |c LIB |n 0 | ||
| 999 | |c 8914 |d 84301 | ||